• 首页
  • 本馆介绍
  • 公告通知
  • 最新文献
  • 馆藏检索
  • 电子资源
  • 读者导购
  • 参考咨询
  • 我的图书馆
  • 登录
  • 详细信息显示
  • 放入我的书架
  • 预约/预借图书
  • 作者相关作品
  • 分类相关作品
  • 丛书相关作品
  • 出版社相关作品

书目信息

  • 表格格式
  • 工作单格式
  • 卡片格式
题名:
城市排水防涝设施普查数据采集与管理技术导则 (试行)
    
 
作者: 陈吉宁 , 张悦 主编
分册:  
出版信息: 北京   中国建筑工业出版社  2013
页数: 64页
开本: 21cm
丛书名:
单 册:
中图分类: TU992-12 , TU992
科图分类:
主题词: 城市排水--cheng shi pai shui--设备普查--数据采集--中国 , 城市--cheng shi--防洪--设备普查--数据采集--中国 , 城市排水--cheng shi pai shui--设备管理--中国 , 城市--cheng shi--防洪--设备管理--中国
电子资源:
ISBN: 978-7-112-15642-9
000 01227nam0 2200289 450
001 2356211870
005 20231218142611.11
010    @a978-7-112-15642-9@dCNY30.00
010    @a978-7-89475-349-6@b光盘
100    @a20130816d2013 em y0chiy50 ea
101 0  @achi
102    @aCN@b110000
105    @aak z 000yy
200 1  @a城市排水防涝设施普查数据采集与管理技术导则 (试行)@Acheng shi pai shui fang lao she shi pu cha shu ju cai ji yu guan li ji shu dao ze (shi xing)@f陈吉宁, 张悦主编
210    @a北京@c中国建筑工业出版社@d2013
215    @a64页@c图@d21cm
330    @a本导则规定了城市排水防涝设施普查的技术路线与方法, 确定数据采集、数据录入、数据校核等关键环节的技术要求, 明确了城市排水防涝设施普查数据库的基本内容, 为城市排水防涝设施基础数据普查和建立管控平台提供技术支撑。
606 0  @a城市排水@Acheng shi pai shui@x设备普查@x数据采集@y中国
606 0  @a城市@Acheng shi@x防洪@x设备普查@x数据采集@y中国
606 0  @a城市排水@Acheng shi pai shui@x设备管理@y中国
606 0  @a城市@Acheng shi@x防洪@x设备管理@y中国
690    @aTU992-12@v5
690    @aTU992@v4
701  0 @a陈吉宁@Achen ji ning@4主编
701  0 @a张悦@Azhang yue@4主编
801  0 @aCN@b湖北三新@c20131010
905    @aZUCC@dTU992@e26
    
    城市排水防涝设施普查数据采集与管理技术导则 (试行)/陈吉宁, 张悦主编.-北京:中国建筑工业出版社,2013
    64页:图;21cm
    
    
    ISBN 978-7-112-15642-9:CNY30.00
    本导则规定了城市排水防涝设施普查的技术路线与方法, 确定数据采集、数据录入、数据校核等关键环节的技术要求, 明确了城市排水防涝设施普查数据库的基本内容, 为城市排水防涝设施基础数据普查和建立管控平台提供技术支撑。
●
相关链接 在五车中查询图书 在当当中查询图书 在豆瓣中查询图书


正题名:城市排水防涝设施普查数据采集与管理技术导则 (试行)     索取号:TU992/26         预约/预借

序号 登录号 条形码 馆藏地/架位号 状态 备注
1 2001366721   2001366721   617书库/ [索取号:TU992/26] 在馆    
2 2001366722   2001366722   617书库/ [索取号:TU992/26] 在馆    
3 2001366723   2001366723   617书库/ [索取号:TU992/26] 在馆    
4 2001366724   2001366724   617书库/ [索取号:TU992/26] 在馆    
5 2001366725   2001366725   617书库/ [索取号:TU992/26] 在馆    
6 2001366726   2001366726   617书库/ [索取号:TU992/26] 在馆    
7 2001366727   2001366727   617书库/ [索取号:TU992/26] 在馆    
8 2001366728   2001366728   617书库/ [索取号:TU992/26] 在馆    
9 2001366729   2001366729   617书库/ [索取号:TU992/26] 在馆    
10 2001366730   2001366730   617书库/ [索取号:TU992/26] 在馆    
11 2001366731   2001366731   617书库/ [索取号:TU992/26] 在馆    
12 2001366732   2001366732   617书库/ [索取号:TU992/26] 在馆    
13 2001366733   2001366733   617书库/ [索取号:TU992/26] 在馆    
14 2001366734   2001366734   617书库/ [索取号:TU992/26] 在馆    
15 2001366735   2001366735   617书库/ [索取号:TU992/26] 在馆    
16 2001366736   2001366736   617书库/ [索取号:TU992/26] 在馆    
17 2001366737   2001366737   617书库/ [索取号:TU992/26] 在馆    
18 2001366738   2001366738   617书库/ [索取号:TU992/26] 在馆    
19 2001366739   2001366739   617书库/ [索取号:TU992/26] 在馆    
20 2001366740   2001366740   617书库/ [索取号:TU992/26] 在馆    
21 2001366741   2001366741   617书库/ [索取号:TU992/26] 在馆    
22 2001366742   2001366742   617书库/ [索取号:TU992/26] 在馆    
23 2001366743   2001366743   617书库/ [索取号:TU992/26] 在馆    
24 2001366744   2001366744   617书库/ [索取号:TU992/26] 在馆    
25 2001366745   2001366745   617书库/ [索取号:TU992/26] 在馆    
26 2001366746   2001366746   617书库/ [索取号:TU992/26] 在馆    
27 2001366747   2001366747   617书库/ [索取号:TU992/26] 在馆    
28 2001366748   2001366748   617书库/ [索取号:TU992/26] 在馆    
山东省滨州职业学院图书馆 欢迎您!
大连网信软件有限公司© 版权所有